Rel kahānī / (Record no. 330529)
[ view plain ]
| 000 -LEADER | |
|---|---|
| fixed length control field | 01206cam a2200349 a 4500 |
| 001 - CONTROL NUMBER | |
| control field | 12661216 |
| 003 - CONTROL NUMBER IDENTIFIER | |
| control field | NUST |
| 005 - DATE AND TIME OF LATEST TRANSACTION | |
| control field | 20170719105309.0 |
| 008 - FIXED-LENGTH DATA ELEMENTS--GENERAL INFORMATION | |
| fixed length control field | 990803s1999 pk 001 0durdo |
| 010 ## - LIBRARY OF CONGRESS CONTROL NUMBER | |
| LC control number | 99921974 |
| 020 ## - INTERNATIONAL STANDARD BOOK NUMBER | |
| International Standard Book Number | 9693508270 |
| 025 ## - OVERSEAS ACQUISITION NUMBER | |
| Overseas acquisition number | P-U-99921974; 06 |
| 035 ## - SYSTEM CONTROL NUMBER | |
| System control number | (DLC) 99921974 |
| 040 ## - CATALOGING SOURCE | |
| Original cataloging agency | DLC |
| Transcribing agency | DLC |
| Modifying agency | DLC |
| 042 ## - AUTHENTICATION CODE | |
| Authentication code | lcode |
| 043 ## - GEOGRAPHIC AREA CODE | |
| Geographic area code | a-pk--- |
| -- | -ii--- |
| 050 00 - LIBRARY OF CONGRESS CALL NUMBER | |
| Classification number | DS377 |
| Item number | .A585 1999 |
| 082 ## - DEWEY DECIMAL CLASSIFICATION NUMBER | |
| Classification number | 910.4 |
| Author Mark | ABI |
| 100 1# - MAIN ENTRY--PERSONAL NAME | |
| Personal name | ʻĀbidī, Raz̤ā ʻAlī, |
| Dates associated with a name | 1936- |
| 9 (RLIN) | 3428 |
| 245 10 - TITLE STATEMENT | |
| Title | Rel kahānī / |
| Statement of responsibility, etc. | Raz̤ā ʻAlī̄ ʻĀbidī. |
| 260 ## - PUBLICATION, DISTRIBUTION, ETC. | |
| Place of publication, distribution, etc. | Lāhore : |
| Name of publisher, distributor, etc. | Sang-i Mīl Pablīkeshanz, |
| Date of publication, distribution, etc. | 1999. |
| 300 ## - PHYSICAL DESCRIPTION | |
| Extent | 228 p. ; |
| Dimensions | 22 cm. |
| 500 ## - GENERAL NOTE | |
| General note | Travelogue |
| 504 ## - BIBLIOGRAPHY, ETC. NOTE | |
| Bibliography, etc. note | Includes index. |
| 520 ## - SUMMARY, ETC. | |
| Summary, etc. | Author's travel impressions of his train journey from Quetta, Pakistan to Calcutta, India. |
| 546 ## - LANGUAGE NOTE | |
| Language note | In Urdu. |
| 600 10 - SUBJECT ADDED ENTRY--PERSONAL NAME | |
| Personal name | ʻĀbidī, Raz̤ā ʻAlī, |
| Dates associated with a name | 1936- |
| General subdivision | Travel |
| Geographic subdivision | Pakistan. |
| 9 (RLIN) | 3429 |
| 600 10 - SUBJECT ADDED ENTRY--PERSONAL NAME | |
| Personal name | ʻĀbidī, Raz̤ā ʻAlī, |
| Dates associated with a name | 1936- |
| General subdivision | Travel |
| Geographic subdivision | India. |
| 9 (RLIN) | 3430 |
| 651 #0 - SUBJECT ADDED ENTRY--GEOGRAPHIC NAME | |
| Geographic name | Pakistan |
| General subdivision | Description and travel. |
| 9 (RLIN) | 3431 |
| 651 #0 - SUBJECT ADDED ENTRY--GEOGRAPHIC NAME | |
| Geographic name | India |
| General subdivision | Description and travel. |
| 9 (RLIN) | 3320 |
| 880 ## - ALTERNATE GRAPHIC REPRESENTATION | |
| Linkage | 100-01\(3\r |
| Title | رضا علی عابدی |
| 880 ## - ALTERNATE GRAPHIC REPRESENTATION | |
| Linkage | 245-02\(3\r |
| Title | ریل کی کہانی |
| c | رضا علی عابدی |
| 880 ## - ALTERNATE GRAPHIC REPRESENTATION | |
| Linkage | 260-03\(3\r |
| Title | لاہور: |
| b | سنگ میل پبلی کیشنز، |
| c | 2005 |
| 906 ## - LOCAL DATA ELEMENT F, LDF (RLIN) | |
| a | 7 |
| b | cbc |
| c | origode |
| d | 3 |
| e | ncip |
| f | 19 |
| g | y-gencatlg |
| 942 ## - ADDED ENTRY ELEMENTS (KOHA) | |
| Source of classification or shelving scheme | |
| Koha item type | Book |
| Withdrawn status | Lost status | Source of classification or shelving scheme | Damaged status | Not for loan | Permanent Location | Current Location | Shelving location | Date acquired | Total Checkouts | Full call number | Barcode | Date last seen | Copy number | Price effective from | Koha item type |
|---|---|---|---|---|---|---|---|---|---|---|---|---|---|---|---|
| Central Library (CL) | Central Library (CL) | Fiction | 07/19/2017 | 910.4 ABI | CL1937 | 01/12/2023 | 1 | 07/19/2017 | Book |
